000 00276nam a2200109Ia 4500
008 200302s9999 xx 000 0 und d
100 _aBrian Edwards
245 _aLibraries and Learning Resourec Centres 2nd ed.,
260 _bElsevier Ltd.
260 _c2009
300 _a270 P.,
999 _c3256
_d3256